[Event "TCh-POL Ekstraliga"]
[Site "Wroclaw POL"]
[Date "2011.05.07"]
[Round "2.3"]
[White "Kuzmicz,K"]
[Black "Stoma,P"]
[Result "1-0"]
[WhiteElo "2434"]
[BlackElo "2326"]

1.c4 c6 2.Nf3 Nf6 3.b3 d6 4.Bb2 e5 5.e3 Nbd7 6.Nc3 g6 7.d4 Bg7 8.Be2 O-O
9.Qc2 Re8 10.O-O a6 11.Rfd1 Qc7 12.Ba3 Bf8 13.Rac1 b6 14.dxe5 dxe5 15.Bxf8 Nxf8
16.c5 b5 17.Rd6 Re6 18.Rcd1 Ne8 19.Rd8 Re7 20.Ne4 Kg7 21.Qc3 f6 22.b4 Ra7
23.R8d2 Be6 24.Nd6 Bd5 25.e4 Bg8 26.a4 Ra8 27.Qa3 Qb8 28.Ra1 Nc7 29.Qb2 Nd7
30.a5 Be6 31.h3 Qg8 32.Ra3 Kh8 33.Nh4 Qg7 34.Rad3 Rf8 35.Bg4 Nb8 36.Rg3 Bxg4
37.Rxg4 Rd7 38.Nhf5 Qg8 39.Rg3 Rfd8 40.Nh4 Ne8 41.f4 Nxd6 42.cxd6 Qe8 43.Rgd3 Kg7
44.Nf3 exf4 45.e5 Qe6 46.Nd4 Qxe5 47.Re2 Qh5 48.Ne6+ Kh6 49.Qxf6 Rg8 50.Re5  1-0

[Event "9th Somov Mem"]
[Site "Kirishi RUS"]
[Date "2011.05.08"]
[Round "2"]
[White "Usmanov,V"]
[Black "Mammadov,Z"]
[Result "1-0"]
[WhiteElo "2289"]
[BlackElo "2351"]

1.c4 c6 2.e4 d5 3.cxd5 cxd5 4.exd5 Qxd5 5.Nc3 Qd8 6.d4 Nf6 7.Nf3 e6 8.Bc4 Nc6
9.a3 Be7 10.O-O O-O 11.Bg5 h6 12.Bh4 b6 13.Qd3 Bb7 14.Rad1 Nh5 15.Bg3 Nxg3
16.hxg3 Qc8 17.Rfe1 Rd8 18.Ba2 Bf8 19.Rxe6 fxe6 20.Qg6 Ne7 21.Bxe6+ Kh8 22.Bxc8 Nxg6
23.Bxb7 Rab8 24.Be4 Ne7 25.Ne5 Kg8 26.d5 g5 27.d6 Rbc8 28.dxe7 Rxd1+ 29.Nxd1 Bxe7
30.Ne3 Rc1+ 31.Kh2 Bf6 32.f4 Re1 33.Bd5+ Kh8 34.N3g4 Bg7 35.Nf7+ Kh7 36.Nge5 g4
37.b3 Bf8 38.a4 h5 39.Ng5+ Kh6 40.Ne6 Be7 41.Nd4 Bc5 42.Nd3 Rd1 43.Nf5+ Kg6
44.Nh4+ Kf6 45.Nxc5 Rxd5 46.Ne4+ Kf7 47.Nf5 Rd3 48.b4 Rd1 49.Nfd6+ Ke7 50.Nc8+ Ke6
51.Nxa7 Rd4 52.Ng5+ Kd7 53.b5 Rxa4 54.Nc6 Ra1 55.Ne5+ Ke7 56.Nc6+ Kd7 57.f5 Rf1
58.Nd4 Ke7 59.Ne4 Re1 60.f6+ Kf7 61.Nf5 Rf1 62.Ne3 Re1 63.Nc4 Ke6 64.Ncd6 Rf1
65.Ne8 Kf7 66.N8d6+ Ke6 67.Nc8 Re1 68.Ned6 Kxf6 69.Nxb6 Ke6 70.Nbc4 Kd7 71.Nb7 Rb1
72.Nc5+ Kc7 73.Ne6+ Kb7 74.Nf4 Rc1 75.Nd6+ Kc7 76.Ne4 Kb6 77.Nxh5 Kxb5 78.Nhf6 Kc4
79.Nxg4 Kd5 80.Ng5 Kd6 81.Nh3 Ke6 82.Ngf2 Rc3 83.g4 Ra3 84.Nd3 Kf6 85.Ne1 Rb3
86.Nf3 Ra3 87.Kg3 Ra8 88.g5+ Kg7 89.Kg4 Ra5 90.Nf4 Rb5 91.Nh4 Rb8 92.Nf5+ Kf7
93.Kh5 Rb2 94.Nh6+ Kg7 95.Ne6+ Kh8 96.g4 Rf2 97.Nd4 Kh7 98.g6+ Kh8 99.Nf7+ Kg8
100.Nf5 Kf8 101.N7h6 Rh2+ 102.Kg5  1-0

[Event "41st Bosna Open"]
[Site "Sarajevo BIH"]
[Date "2011.05.08"]
[Round "5.7"]
[White "Grandelius,N"]
[Black "Al Sayed,Mohamad"]
[Result "0-1"]
[WhiteElo "2541"]
[BlackElo "2485"]

1.c4 c6 2.Nf3 d5 3.e3 Nf6 4.Nc3 e6 5.b3 Bd6 6.Bb2 O-O 7.Qc2 e5 8.cxd5 cxd5
9.Nb5 Nc6 10.Nxd6 Qxd6 11.d4 Nb4 12.Qd1 e4 13.Ne5 Ne8 14.a3 f6 15.Nc4 dxc4
16.axb4 Qxb4+ 17.Qd2 Qxb3 18.Ra3 Qb6 19.Bxc4+ Be6 20.d5 Nd6 21.Ba2 Bd7 22.O-O a5
23.Bd4 Qb4 24.Qxb4 axb4 25.Rxa8 Rxa8 26.Bb3 Bb5 27.Rc1 Bc4 28.Bc5 Bxb3 29.Bxd6 Ra4
30.Rc8+ Kf7 31.Rc7+ Ke8 32.h4 Bxd5 33.Re7+ Kd8 34.Rxg7 b3 35.Be7+ Kd7 36.Bxf6+ Ke6
37.Bb2 Ra2 38.Bd4 b2 39.Bxb2 Rxb2 40.g4 b5 41.Rxh7 b4 42.h5 b3 43.Rh6+ Kf7
44.Rb6 Rc2 45.g5 Rc7 46.Kh2 Rb7 47.Rf6+ Kg8 48.Rg6+ Rg7 49.Rb6 Rxg5  0-1

[Event "TCh-SUI 2011"]
[Site "Switzerland SUI"]
[Date "2011.05.08"]
[Round "4.8"]
[White "Maeser,F"]
[Black "Eschbach,D"]
[Result "0-1"]
[WhiteElo "2282"]
[BlackElo "2416"]

1.c4 c6 2.Nf3 d5 3.g3 Nf6 4.Bg2 g6 5.b3 Bg7 6.Bb2 O-O 7.O-O Bf5 8.d3 a5 9.Nbd2 Na6
10.Rc1 a4 11.cxd5 cxd5 12.bxa4 Bd7 13.Qb3 Qa5 14.Bd4 Qxa4 15.Qxa4 Bxa4 16.Rb1 b5
17.a3 Rfc8 18.Rfc1 Bh6 19.e3 Nd7 20.Ne5 Nxe5 21.Bxe5 e6 22.Bf1 Bf8 23.Bb2 Bc2
24.Ra1 Bd6 25.d4 Ba4 26.Rxc8+ Rxc8 27.Rc1 Rxc1 28.Bxc1 Nc7 29.Nb1 Bb3 30.Bd2 Ba2
31.Nc3 Bc4 32.Nb1 Kf8 33.Ba5 Na6 34.Nc3 Bc7 35.Bxc7 Nxc7 36.Bg2 Ke7 37.e4 dxe4
38.Bxe4 f5 39.Bb7 g5 40.f4 h6 41.Kf2 g4 42.Ke3 Kd6 43.Kd2 Ne8 44.Bg2 Nf6
45.Kc2 Kc7 46.Nd1 Bd5 47.Bf1 Kb6 48.Ne3 Bc6 49.Kb3 Ka5 50.Nc2 Ne4 51.Be2 Nd2+
52.Kc3 Nf3 53.Nb4 Be4 54.d5 Bxd5 55.h4 Be4 56.Bd1 e5 57.fxe5 Nxe5 58.Kd4 Nc4
59.Nc2 h5 60.Kc3 Nxa3  0-1

[Event "TCh-SUI 2011"]
[Site "Switzerland SUI"]
[Date "2011.05.08"]
[Round "4.3"]
[White "Forster,Ri"]
[Black "Stojanovic,Mih"]
[Result "0-1"]
[WhiteElo "2456"]
[BlackElo "2572"]

1.c4 c6 2.e4 d5 3.exd5 Nf6 4.Nc3 cxd5 5.cxd5 Nxd5 6.Nf3 Nc6 7.Bb5 e6 8.O-O Be7
9.Ne5 Bd7 10.Bxc6 Bxc6 11.d4 O-O 12.Nxc6 bxc6 13.Ne4 Qb6 14.b3 a5 15.Bb2 a4
16.Qc2 axb3 17.axb3 Rab8 18.Nd2 Rfc8 19.Rfb1 h6 20.Qd3 Bg5 21.Ba3 Nf4 22.Qe4 Qxd4
23.Qxd4 Ne2+ 24.Kf1 Nxd4 25.Bc5 Nc2 26.Ra7 Bxd2 27.Rb2 Bc3 28.Rxc2 Rxb3 29.g3 Be5
30.Rd2 Rb5 31.Be3 Rd5 32.Rc2 c5 33.Rc4 Bd4 34.Ke2 Rb8 35.Bxd4 cxd4 36.Kd3 Rb3+
37.Kd2 Rb2+ 38.Ke1 d3  0-1

[Event "ch-Euro Indiv Women"]
[Site "Tbilisi GEO"]
[Date "2011.05.08"]
[Round "2"]
[White "Lauterbach,I"]
[Black "Houska,Jo"]
[Result "1-0"]
[WhiteElo "2100"]
[BlackElo "2429"]

1.c4 c6 2.Nf3 d5 3.b3 Nf6 4.Bb2 Bf5 5.g3 e6 6.Bg2 Bd6 7.O-O O-O 8.d3 h6 9.a3 a5
10.Nbd2 Bh7 11.Re1 Nbd7 12.d4 Ne4 13.Nxe4 Bxe4 14.c5 Be7 15.b4 Bf6 16.e3 b6
17.cxb6 axb4 18.axb4 Qxb6 19.Rxa8 Rxa8 20.Bc3 Be7 21.Qd2 Rb8 22.Rc1 Qb7 23.Ne1 Bxg2
24.Kxg2 Nb6 25.Nd3 Nc4 26.Qe2 Ra8 27.Nc5 Qb5 28.Rc2 Ra3 29.Be1 Bxc5 30.dxc5 Qa4
31.e4 Kh7 32.exd5 exd5 33.Bc3 f6 34.Qd3+ Kg8 35.Qg6 Rxc3 36.Rxc3 Qxb4 37.Rc2 Qb1
38.Qe8+ Kh7 39.Qe2 Qb3 40.Ra2 g5 41.Qc2+ Qxc2 42.Rxc2  1-0

[Event "ch-UKR semi-final"]
[Site "Alushta UKR"]
[Date "2011.05.09"]
[Round "7.16"]
[White "Zavgorodniy,S"]
[Black "Shabala,S"]
[Result "1-0"]
[WhiteElo "2428"]
[BlackElo "2362"]

1.c4 c6 2.e4 d6 3.Nc3 e5 4.d4 Nf6 5.Nf3 Nbd7 6.Be2 Be7 7.O-O O-O 8.h3 Re8
9.Re1 Bf8 10.Bf1 a6 11.d5 Qc7 12.Be3 c5 13.a3 g6 14.b4 b6 15.Nd2 Bg7 16.Rb1 Rf8
17.Bd3 Ne8 18.Qc2 Qd8 19.Rb2 Ndf6 20.bxc5 bxc5 21.Na4 Nh5 22.Nb6 Ra7 23.Nxc8 Qxc8
24.Reb1 Nf4 25.Rb8 Qd7 26.Nb3 Qc7 27.Nd2 Qd7 28.Bf1 Nf6 29.R8b6 Rfa8 30.Nb3 Rb7
31.Nxc5  1-0

[Event "ch-Euro Indiv Women"]
[Site "Tbilisi GEO"]
[Date "2011.05.09"]
[Round "3"]
[White "Guramishvili,S"]
[Black "Ushenina,A"]
[Result "1/2-1/2"]
[WhiteElo "2299"]
[BlackElo "2468"]

1.c4 c6 2.Nf3 d5 3.e3 Nf6 4.d4 e6 5.Nbd2 c5 6.a3 cxd4 7.exd4 dxc4 8.Nxc4 Be7
9.Bd3 Bd7 10.O-O O-O 11.Nce5 Bc6 12.Nxc6 Nxc6 13.Be3 Nd5 14.Rc1 Bf6 15.Bb1 Qb6
16.Qd3 g6 17.b4 Rad8 18.Rfd1 Bg7 19.Bg5 Bf6 20.Bh6 Bg7 21.Bg5 Bf6 22.Bh6 Bg7  1/2-1/2

[Event "64th Otwarte Open A"]
[Site "Warsaw POL"]
[Date "2011.05.10"]
[Round "4.2"]
[White "Przedmojski,R"]
[Black "Olejarczyk,B"]
[Result "1/2-1/2"]
[WhiteElo "2370"]
[BlackElo "2120"]

1.c4 c6 2.d4 d5 3.Nf3 Nf6 4.Qc2 g6 5.Bf4 Bg7 6.e3 O-O 7.Nc3 a6 8.Bd3 b5 9.b3 bxc4
10.bxc4 dxc4 11.Bxc4 c5 12.O-O Nc6 13.dxc5 Qa5 14.Rac1 Qxc5 15.Ne4 Qa7 16.Nxf6+ exf6
17.Bxf7+ Qxf7 18.Qxc6 Bb7 19.Qc7 Rfc8 20.Qxf7+ Kxf7 21.Bd6 Ke6 22.Bb4 Rxc1
23.Rxc1 Rc8 24.Rxc8 Bxc8 25.Kf1 h6 26.Nd2 f5 27.Ke2 Bd7 28.Nb3 Kd5 29.Kd3 Bb5+
30.Kc2 Kc4 31.Be1 Ba4 32.Ba5 Be5 33.h3 h5 34.Bd8 Bc3 35.f3 Be5 36.Be7 Kd5
37.Bh4 Kc4 38.Be7 Kd5 39.Bh4 Kc4  1/2-1/2

[Event "ch-UKR semi-final"]
[Site "Alushta UKR"]
[Date "2011.05.11"]
[Round "9.58"]
[White "Linker,M"]
[Black "Zaichuk,V"]
[Result "1-0"]
[WhiteElo "2141"]
[BlackElo "2020"]

1.c4 c6 2.Nc3 d5 3.d4 Nf6 4.Nf3 a6 5.e3 e6 6.Bd3 Be7 7.O-O O-O 8.b3 Nbd7
9.Qc2 h6 10.e4 dxe4 11.Nxe4 Nxe4 12.Bxe4 Nf6 13.Bd3 c5 14.Bb2 Qc7 15.dxc5 Qxc5
16.Bd4 Qc7 17.Rad1 b6 18.Be5 Qa7 19.Qe2 Bb7 20.Bb1 Rfd8 21.Nd4 Rac8 22.Rfe1 Qa8
23.Qd3 Bxg2 24.Bxf6 Bxf6 25.Qh7+ Kf8 26.Qh8+  1-0

[Event "ch-Euro Indiv Women"]
[Site "Tbilisi GEO"]
[Date "2011.05.11"]
[Round "5"]
[White "Mkrtchian,L"]
[Black "Romanko,M"]
[Result "0-1"]
[WhiteElo "2468"]
[BlackElo "2387"]

1.c4 c6 2.Nf3 d5 3.e3 Nf6 4.Nc3 e6 5.b3 Nbd7 6.Qc2 b6 7.Bb2 Bb7 8.Be2 Be7
9.Rg1 dxc4 10.bxc4 Qc7 11.g4 O-O-O 12.g5 Ne8 13.h4 Kb8 14.O-O-O Ka8 15.h5 e5
16.Ne4 f5 17.gxf6 gxf6 18.Nh4 Nc5 19.Nxc5 Bxc5 20.Nf5 Nd6 21.Bf3 Nxf5 22.Qxf5 Qe7
23.Qc2 Ba3 24.Be4 Bxb2+ 25.Kxb2 h6 26.Rg6 Rd7 27.a3 c5 28.Rdg1 Rhd8 29.Rg8 Kb8
30.Kc3 Qd6 31.Rxd8+ Rxd8 32.Bxb7 Kxb7 33.Rg7+ Kb8 34.d3 f5 35.Rg6 Qd7 36.Rxh6 e4
37.Rg6 exd3 38.Qd2 Qa4 39.Kb2 Qxc4 40.h6 Qf7 41.Rg1 Qf6+ 42.Qc3 Qxh6 43.Rd1 Qd6
44.Rd2 Qd5 45.f4 Qe4 46.Qf6 Rd7 47.Rh2 d2 48.Rh8+ Kb7 49.Qf8 Qb1+  0-1

[Event "41st Bosna Open"]
[Site "Sarajevo BIH"]
[Date "2011.05.12"]
[Round "9.33"]
[White "Kruskic,M"]
[Black "Orehek,S"]
[Result "0-1"]
[WhiteElo "2216"]
[BlackElo "2017"]

1.c4 c6 2.Nc3 Nf6 3.Nf3 d5 4.d4 a6 5.c5 b6 6.b4 a5 7.Na4 Nbd7 8.Nxb6 Nxb6
9.cxb6 axb4 10.e3 Qxb6 11.Bb2 e6 12.Qb3 Qa5 13.Bd3 Ba6 14.O-O Bxd3 15.Qxd3 Bd6
16.Nd2 O-O 17.Nb3 Qc7 18.h3 Ra7 19.Nd2 Rfa8 20.Qb3 Ra6 21.Rfc1 Qa7 22.f3 h6
23.Kf1 Nd7 24.e4 Qb8 25.Rc2 Bf4 26.Bc1 Qb5+ 27.Kf2 dxe4 28.fxe4 c5 29.d5 Bxd2
30.Rxd2 c4 31.Qg3 Qc5+ 32.Ke2 Nf6 33.Qe3 Qb5 34.Kf2 c3 35.Re2 exd5 36.exd5 Nxd5
37.Qd4 Rf6+ 38.Ke1 b3 39.Rb1 Re8  0-1

[Event "ch-Euro Indiv Women"]
[Site "Tbilisi GEO"]
[Date "2011.05.15"]
[Round "8"]
[White "Khmiadashvili,T"]
[Black "Gevorgyan,M"]
[Result "0-1"]
[WhiteElo "2204"]
[BlackElo "2065"]

1.c4 c6 2.Nf3 d5 3.e3 e6 4.Nc3 Bd6 5.b3 f5 6.Bb2 Nf6 7.d4 O-O 8.c5 Bc7 9.b4 Bd7
10.Be2 Be8 11.Ne5 Nbd7 12.f4 Nxe5 13.dxe5 Nd7 14.Na4 b5 15.cxb6 axb6 16.O-O Qe7
17.a3 b5 18.Nc5 Nxc5 19.bxc5 Qxc5 20.Bd4 Qe7 21.Qc2 Ra4 22.Bc5 Qd8 23.g4 Bb6
24.gxf5 Rxf5 25.Bd3 Rh5 26.Rf3 Rh6 27.Rg3 Bg6 28.Bxg6 Rxg6 29.Rxg6 hxg6 30.Kh1 Bxc5
31.Qxc5 Rc4 32.Qa7 Qh4 33.e4 Rc2 34.Qg1 Qxf4  0-1

[Event "TCh-UKR Clubs 2011"]
[Site "Alushta UKR"]
[Date "2011.05.16"]
[Round "4.2"]
[White "Biriukov,N"]
[Black "Sitnikov,A"]
[Result "1/2-1/2"]
[WhiteElo "2426"]
[BlackElo "2496"]

1.c4 c6 2.d4 d6 3.e4 Nd7 4.Nc3 e5 5.Nge2 Be7 6.g3 h5 7.h4 Nb6 8.Qd3 Nf6 9.d5 Nfd7
10.Be3 cxd5 11.exd5 O-O 12.O-O-O f5 13.f3 e4 14.fxe4 Ne5 15.Qc2 Nbxc4 16.Bd4 fxe4
17.Nf4 Bf5 18.Ne6 Nd3+ 19.Rxd3 exd3 20.Bxd3 Bxe6 21.dxe6 Ne5 22.Bxe5 dxe5
23.Qe2 Qd4 24.Rd1 Qg4 25.Nd5 Rac8+ 26.Kb1 Qxe6 27.Qe4 Rf2 28.Qh7+ Kf8 29.Qh8+ Kf7
30.Qxh5+ Kf8 31.Qh8+ Kf7 32.Qh5+ Kf8 33.Qh8+ Kf7  1/2-1/2

[Event "9th Somov Mem"]
[Site "Kirishi RUS"]
[Date "2011.05.16"]
[Round "9"]
[White "Grigoryan,K2"]
[Black "Mammadov,Z"]
[Result "1-0"]
[WhiteElo "2463"]
[BlackElo "2351"]

1.c4 c6 2.Nf3 d5 3.g3 Nf6 4.Bg2 g6 5.b3 Bg7 6.Bb2 Qb6 7.O-O dxc4 8.Na3 cxb3
9.Nc4 Qd8 10.Qxb3 O-O 11.a4 Na6 12.Rac1 Nc5 13.Qa3 Nfe4 14.a5 a6 15.Be5 Nd7
16.Bxg7 Kxg7 17.Ra1 Ndf6 18.Nb6 Rb8 19.d3 Nd6 20.Qb2 Nb5 21.Ra4 Kg8 22.Rh4 Bg4
23.Ne5 Be6 24.Qd2 Qd6 25.Nbc4 Bxc4 26.Nxc4 Qc5 27.e4 Rfd8 28.Qh6 e5 29.Ne3 Qf8
30.Qg5 Nd7 31.f4 f6 32.Qg4 Nd4 33.Kh1 Qg7 34.Qh3 Nc5 35.Ng4 Rf8 36.Rh6 Nxd3
37.Qh4 g5 38.fxg5 fxg5 39.Qh5 c5 40.Nf6+ Rxf6 41.Rfxf6 c4 42.Rhg6 hxg6 43.Rxg6 c3
44.Qxg5 Qxg6 45.Qxg6+ Kf8 46.Bf1 Nf2+ 47.Kg2 c2 48.Qh6+ Ke7 49.Kxf2 Rc8 50.Qc1 Nb3
51.Qg5+ Kd6 52.Qf6+ Kc7 53.Qxe5+ Kd8 54.Qd6+ Ke8 55.Be2 Kf7 56.Qd7+ Kf6 57.Qxc8 c1=Q
58.Qxc1 Nxc1 59.Bc4 Ke5 60.Ke3  1-0

[Event "46th Capablanca Memorial Open B"]
[Site "Havana CUB"]
[Date "2011.05.17"]
[Round "6.48"]
[White "Fonte Sanchez,C"]
[Black "Doubleday,W"]
[Result "1/2-1/2"]
[WhiteElo "2008"]
[BlackElo "2088"]

1.c4 c6 2.Nc3 d5 3.cxd5 cxd5 4.d4 Nf6 5.Nf3 e6 6.Bf4 a6 7.e3 Bd6 8.Bxd6 Qxd6
9.Bd3 O-O 10.O-O Nc6 11.a3 b5 12.b4 Bb7 13.Qb1 Rfc8 14.Rc1 h6 15.h3 e5 16.dxe5 Nxe5
17.Nxe5 Qxe5 18.Ne2 Re8  1/2-1/2

[Event "20th Croatian Cup"]
[Site "Sibenik CRO"]
[Date "2011.05.18"]
[Round "1.24"]
[White "Nikolic,E"]
[Black "Jovanic,O"]
[Result "0-1"]
[WhiteElo "2189"]
[BlackElo "2479"]

1.c4 c6 2.g3 d5 3.Qc2 e5 4.Bg2 Nf6 5.d3 h6 6.e4 dxe4 7.dxe4 Na6 8.a3 Nc5
9.Nc3 Be6 10.b3 Qd3 11.Qxd3 Nxd3+ 12.Ke2 Nxc1+ 13.Rxc1 Bxa3  0-1

[Event "ch-Euro Indiv Women"]
[Site "Tbilisi GEO"]
[Date "2011.05.18"]
[Round "11"]
[White "Vakhania,A"]
[Black "Mikadze,M"]
[Result "0-1"]
[WhiteElo "2189"]
[BlackElo "2351"]

1.c4 c6 2.g3 d5 3.Bg2 Nf6 4.Nf3 dxc4 5.a4 Be6 6.Ng5 Bd5 7.e4 h6 8.exd5 hxg5
9.dxc6 Nxc6 10.O-O e6 11.a5 a6 12.Qa4 Rc8 13.Qxc4 Nxa5 14.Qa4+ Nc6 15.d4 Nd5
16.Nc3 Nb6 17.Qd1 Be7 18.Be3 O-O 19.Qh5 Nd5 20.Nxd5 exd5 21.h4 g6 22.Qh6 gxh4
23.f4 Bf6 24.f5 Bg7 25.Qf4 gxf5 26.gxh4 Qf6 27.Rad1 Ne7 28.h5 Kh7 29.Bh3 Bh6
30.Qxh6+ Qxh6 31.Bxh6 Kxh6 32.Bxf5 Rg8+ 33.Kh1 Nxf5 34.Rxf5 Rg5 35.Rxf7 Rxh5+
36.Kg1 Rg8+ 37.Kf2 Rh2+ 38.Kf3 Rxb2 39.Rd7 Rf8+ 40.Kg4 Rg2+ 41.Kh3 Rg5 42.Re1 Rfg8
43.Re6+ R8g6 44.Rxg6+ Kxg6 45.Kh4 Rg1 46.Rxd5 Kf6 47.Rd6+ Kf5 48.Rd7 b5 49.Ra7 Ke4
50.Rxa6 Kxd4 51.Rb6 Kc4 52.Rc6+ Kb3 53.Kh3 b4  0-1

[Event "Serbian Cup 2011"]
[Site "Valjevo SRB"]
[Date "2011.05.18"]
[Round "3.4"]
[White "Delchev,A"]
[Black "Kostic,VG"]
[Result "1-0"]
[WhiteElo "2619"]
[BlackElo "2447"]

1.c4 c6 2.Nf3 d5 3.g3 dxc4 4.Bg2 g6 5.Na3 Qd5 6.Qc2 Be6 7.Qc3 Nf6 8.O-O Bg7
9.Nd4 Ne4 10.Nxe6 Nxc3 11.Nxg7+ Kf8 12.dxc3 Qe5 13.Bh6 Kg8 14.Rfd1 Na6 15.Nxc4 Qc7
16.Bh3 b5 17.Ne6 Qc8 18.Ne5 Nc5 19.Rd8+ Qxd8 20.Nxd8 Rxd8 21.Nxc6 Re8 22.b4 Ne6
23.Bxe6 fxe6 24.Ne5  1-0

[Event "zt 2.5"]
[Site "Asuncion PAR"]
[Date "2011.05.19"]
[Round "4"]
[White "Jodorcovsky,P"]
[Black "Florentin,Dam"]
[Result "1-0"]
[WhiteElo "2182"]
[BlackElo "1743"]

1.c4 c6 2.d4 d6 3.Nc3 Qc7 4.e4 e5 5.d5 f5 6.exf5 Bxf5 7.Bd3 Bxd3 8.Qxd3 Nf6
9.Nge2 Na6 10.Be3 Nb4 11.Qd2 Be7 12.a3 Na6 13.b4 Nb8 14.O-O O-O 15.Rac1 Qd7
16.Ng3 Qg4 17.Qd3 Nh5 18.Nxh5 Qxh5 19.Rfd1 Nd7 20.dxc6 bxc6 21.c5 Nf6 22.cxd6 Bd8
23.h3 Qf7 24.Ne4 Nd5 25.Rxc6 Nxe3 26.fxe3 Bb6 27.Rc2 h6 28.Nc5 Qh5 29.Rcd2 Qg5
30.Kh1 Qg3 31.e4 Qh4 32.d7 Kh7 33.Ne6 Rg8 34.Qf3 Qe7 35.Qf5+ Kh8 36.Qxe5 a5
37.Qd6 Qxd6 38.Rxd6 Bd8 39.Nxd8 Raxd8 40.e5  1-0

[Event "20th Croatian Cup"]
[Site "Sibenik CRO"]
[Date "2011.05.19"]
[Round "2.42"]
[White "Cvitan,O"]
[Black "Dimitrijevic,Da"]
[Result "1-0"]
[WhiteElo "2498"]
[BlackElo "2243"]

1.c4 c6 2.e4 e5 3.Nf3 d6 4.d4 Qa5+ 5.Nc3 Nf6 6.Bd3 Bg4 7.Be3 Nbd7 8.O-O Be7
9.Be2 Bxf3 10.Bxf3 O-O 11.a3 c5 12.d5 Rfc8 13.g3 a6 14.a4 Qd8 15.a5 b5 16.axb6 Qxb6
17.Qd3 Qb3 18.Rfb1 Bd8 19.Bd1 Qb7 20.Ba4 Nb8 21.Bd1 Nbd7 22.Ra3 Bb6 23.Rba1 Ra7
24.Ba4 Nb8 25.Bg5 Bd8 26.Bd1 Qe7 27.Bg4 Rcc7 28.Bxf6 gxf6 29.Qd1 Rcb7  1-0

[Event "zt 2.5"]
[Site "Asuncion PAR"]
[Date "2011.05.20"]
[Round "5"]
[White "Larrea,M"]
[Black "Hobaica,J"]
[Result "1-0"]
[WhiteElo "2299"]
[BlackElo "2407"]

1.c4 c6 2.e4 e5 3.d4 d6 4.Nf3 Nd7 5.Be2 Ngf6 6.Nc3 Be7 7.O-O O-O 8.Re1 Re8
9.d5 Nc5 10.Bf1 a5 11.b3 Bd7 12.a3 Qb8 13.Rb1 cxd5 14.cxd5 Rc8 15.Nd2 b5
16.a4 b4 17.Nb5 Rf8 18.Bb2 Ne8 19.f4 f6 20.f5 g6 21.g4 Rf7 22.Kh1 Rg7 23.Bc4 Nc7
24.Nxc7 Qxc7 25.Qe2 Qb6 26.Rg1 Kh8 27.Rg3 Rag8 28.Rbg1 gxf5 29.exf5 Nb7 30.Nf3 Nd8
31.Bc1 Nf7 32.Be3 Qb7 33.Qd3 Bd8 34.h4 Bb6 35.Nd2 h5 36.Ne4 Bxe3 37.Qxe3 Rxg4
38.Nxd6 Rxh4+ 39.Kg2 Rxg3+ 40.Qxg3 Nxd6 41.Qxh4 Bxf5 42.Qxf6+ Qg7+ 43.Qxg7+ Kxg7
44.Be2 h4 45.Rc1 h3+ 46.Kh2 Kf6 47.Rc6 Ke7 48.Rc5 Kd8 49.Rxa5 Bc2 50.Ra6 Ne4
51.d6 Bxb3 52.Bb5  1-0

[Event "ch-Moscow Final"]
[Site "Moscow RUS"]
[Date "2011.05.22"]
[Round "1"]
[White "Reshetnikov,Al"]
[Black "Dubov,Danii"]
[Result "1/2-1/2"]
[WhiteElo "2487"]
[BlackElo "2505"]

1.c4 c6 2.Nf3 d5 3.e3 Nf6 4.d4 e6 5.Nbd2 Nbd7 6.b3 Ne4 7.Bd3 f5 8.O-O Bd6
9.Bb2 O-O 10.Ne5 Qe7 11.f4 Nxd2 12.Qxd2 Nf6 13.a3 Bd7 14.b4 Ne4 15.Qe2 a5
16.c5 Bxe5 17.dxe5 axb4 18.axb4 b6 19.Bxe4 fxe4 20.Bd4 b5 21.Ra2 Rfb8 22.Rfa1 Qd8
23.Ra5 Rxa5 24.Rxa5 Bc8 25.Ra7 Bb7 26.Qg4 Qd7 27.f5 Ra8 28.Ra5 Rxa5 29.bxa5 Bc8
30.f6 g6 31.Qh4 Ba6 32.Bc3 b4 33.Bxb4 Qb7 34.Qh3 Qd7 35.Bc3 Qc8 36.Bd4 Qd7
37.Qh6 Qf7 38.h3 Qd7 39.Kh2 Qf7 40.Qh4 Kf8 41.Qf2 Qb7 42.Kg3 Kf7 43.Kf4 h6
44.Kg3 Qb5 45.Kh2 g5  1/2-1/2

[Event "ch-Moscow Final"]
[Site "Moscow RUS"]
[Date "2011.05.24"]
[Round "3"]
[White "Grigoriants,S RUS"]
[Black "Kharitonov,Alexandr"]
[Result "1-0"]
[WhiteElo "2562"]
[BlackElo "2556"]

1.c4 c6 2.Nf3 d5 3.d4 Nf6 4.Nc3 dxc4 5.a4 e6 6.e3 c5 7.Bxc4 Nc6 8.O-O Be7
9.Qe2 cxd4 10.Rd1 O-O 11.Nxd4 Qc7 12.Nxc6 bxc6 13.e4 e5 14.h3 a5 15.Be3 Bb7
16.Qc2 Qc8 17.Rac1 Ba6 18.Bxa6 Qxa6 19.Nb1 Rab8 20.Nd2 Rfe8 21.Nc4 Bb4 22.Bg5 Nh5
23.Rd7 Nf4 24.Bxf4 exf4 25.e5 Rbd8 26.Rcd1 Rxd7 27.Rxd7 Qc8 28.Qd3 h6 29.e6 fxe6
30.Ne5 Be7 31.Qg6 Bf6 32.Ng4 Bxb2 33.Nxh6+ Kh8 34.Nf7+ Kg8 35.Rd2 Qb8 36.Ng5 Bf6
37.Rd7  1-0

[Event "Orlova Open"]
[Site "Orlova CZE"]
[Date "2011.05.24"]
[Round "4.18"]
[White "Vysoglad,P"]
[Black "Melzer,Patrik"]
[Result "1/2-1/2"]
[WhiteElo "2088"]
[BlackElo "1852"]

1.c4 c6 2.e4 d5 3.exd5 cxd5 4.d4 Nf6 5.Nc3 e6 6.Nf3 Bb4 7.a3 Bxc3+ 8.bxc3 Qa5
9.Qb3 O-O 10.Be2 Nbd7 11.O-O dxc4 12.Qxc4 a6 13.Qb4 Qxb4 14.axb4 b6 15.c4 Bb7
16.Bb2 a5 17.b5 Rac8 18.Rfc1 Rfe8 19.h3 h6 20.Ba3 e5 21.dxe5 Bxf3 22.Bxf3 Nxe5
23.c5 Nxf3+ 24.gxf3 bxc5 25.Bxc5 Re5 26.Bd4 Rxc1+ 27.Rxc1 Rxb5 28.Bxf6 gxf6
29.Rc6 Rb1+ 30.Kg2 Kg7 31.Ra6 Ra1 32.Kg3 a4 33.Kg4 Kg6 34.h4 h5+ 35.Kf4 a3
36.Ra8 a2 37.Rg8+ Kh7 38.Ra8 Kg7 39.Ra7 Kg6 40.Ra6 Rh1 41.Rxa2 Rxh4+ 42.Kg3 Rb4
43.f4 Rb3+ 44.f3 h4+ 45.Kxh4 Rxf3 46.Kg4  1/2-1/2

[Event "84th ch-St Petersburg"]
[Site "St Petersburg RUS"]
[Date "2011.05.24"]
[Round "4"]
[White "Ionov,S"]
[Black "Goganov,A"]
[Result "0-1"]
[WhiteElo "2559"]
[BlackElo "2480"]

1.c4 c6 2.e4 d5 3.exd5 cxd5 4.d4 Nf6 5.Nc3 Nc6 6.Bf4 Be6 7.c5 g6 8.Bb5 Bg7
9.f3 O-O 10.Nge2 Ne8 11.Bxc6 bxc6 12.Qd2 f6 13.Bh6 Bxh6 14.Qxh6 Ng7 15.g4 Bc8
16.O-O-O e5 17.h3 Ba6 18.f4 Qa5 19.f5 Bxe2 20.fxg6 hxg6 21.Nxe2 Qxa2 22.Qxg6 Rab8
23.Qb1 Qc4+ 24.Qc2 Qxc2+ 25.Kxc2 Rb4 26.Ra1 Rfb8 27.Rhb1 Ne6 28.dxe5 fxe5
29.Rxa7 Nxc5 30.Nc3 d4 31.Ra5 Rc4  0-1

[Event "ch-UZB Major w"]
[Site "Tashkent UZB"]
[Date "2011.05.24"]
[Round "4"]
[White "Nodirjanova,N"]
[Black "Mamatkulova,M"]
[Result "1-0"]
[WhiteElo "2166"]
[BlackElo "2046"]

1.c4 c6 2.Nf3 d5 3.e3 Nf6 4.d4 a6 5.Bd3 b5 6.b3 Bg4 7.Nbd2 Bxf3 8.Nxf3 e6
9.O-O Nbd7 10.Qc2 Be7 11.Bb2 h6 12.Ne5 Nxe5 13.dxe5 Nd7 14.e4 Rc8 15.Qe2 dxc4
16.bxc4 Qb6 17.Rad1 b4 18.Kh1 Qc5 19.f4 h5 20.Bc2 Qa5 21.Bb1 Rd8 22.Qf3 h4
23.Qg4 Rh7 24.Qh3 Rh5 25.Qg4 Rh7 26.h3 Qc5 27.Qe2 Qa5 28.Rd3 Qc7 29.Ba1 a5
30.Bc2 Ra8 31.Rdf3 a4 32.Bd4 Rh8 33.Qd1 c5 34.Bg1 a3 35.Ba4 Rxa4 36.Qxa4 Bd8
37.f5 Qa5 38.Qd1 Nf8 39.fxe6 fxe6 40.Rf7 g6 41.Qd6  1-0

[Event "ch-Siberia Men"]
[Site "Barnaul RUS"]
[Date "2011.05.25"]
[Round "6"]
[White "Smirnov,P"]
[Black "Obolenskikh,D"]
[Result "1/2-1/2"]
[WhiteElo "2566"]
[BlackElo "2481"]

1.c4 c6 2.d4 d5 3.Nf3 Nf6 4.e3 e6 5.Bd3 Nbd7 6.O-O Bd6 7.Nc3 dxc4 8.Bxc4 b5
9.Bd3 b4 10.Na4 c5 11.dxc5 Nxc5 12.Bb5+ Ke7 13.Bd2 Rb8 14.Nd4 Bd7 15.Bxb4 Bxb5
16.Bxc5 Bxc5 17.Nxc5 Qd5 18.Nxb5 Rxb5 19.Na4 Rd8 20.Qc2 Qb7 21.Rac1 Rbd5
22.Qc3 Ne4 23.Qa3+ Kf6 24.f3 Nd2 25.Rf2 Qa6 26.h4 Kg6 27.Qb4 h5 28.Rc2 Nb1
29.Qe4+ Kh6 30.Qf4+ Kh7 31.Nc5 Qb6 32.Ne4 f6 33.Kh2 R8d7 34.Rc8 Rf5 35.Qb8 Qxb8+
36.Rxb8 Rfd5 37.Rc2 Nd2 38.Ng3 Kg6 39.Kg1 Nb1 40.Kf2 Rd1 41.Rbc8 a5 42.Ne2 e5
43.e4 R7d2 44.R8c7 a4 45.a3 Kh6 46.R7c4 Kg6 47.Rxd2 Rxd2 48.Rxa4 Rxb2 49.Rb4 Rxb4
50.axb4 Na3 51.Nc3 Kf7 52.Ke2 Nc4 53.Kd3 Nb2+ 54.Kc2 Nc4 55.Nd5 Ke6 56.b5 Na3+
57.Kd3 Nxb5  1/2-1/2

[Event "Nis Open 2011"]
[Site "Nis SRB"]
[Date "2011.05.26"]
[Round "3.6"]
[White "Velickovski Nejkovic,M"]
[Black "Kajganovic,M"]
[Result "0-1"]
[WhiteElo "2188"]
[BlackElo "2253"]

1.c4 c6 2.Nf3 d5 3.b3 Bf5 4.d3 Nd7 5.Bb2 Ngf6 6.Nbd2 e6 7.g3 Bc5 8.Bg2 h6
9.O-O O-O 10.Qc2 Qe7 11.a3 a5 12.Qc3 Rfc8 13.e4 Bh7 14.e5 Ne8 15.d4 Ba7 16.c5 b6
17.b4 Nc7 18.Qe3 Rab8 19.Bc3 Nb5 20.h3 bxc5 21.bxc5 Nxc5 22.Bxa5 Nb7 23.Bb4 c5
24.dxc5 Bxc5 25.Bxc5 Qxc5 26.Qf4 Nxa3 27.Nb3 Qf8 28.Nfd4 Rc4 29.Nd2 Rxd4
30.Qxd4 Nc2 31.Qa7 Nxa1 32.Rxa1 Nc5 33.Ra5 Nd3 34.f4 Bg6 35.Bf1 Nb4 36.Rb5 Ra8
37.Qd4 Nc2 38.Qb2 Kh7 39.g4 Qc8 40.h4 h5 41.gxh5 Bxh5 42.Bd3+ Bg6 43.Bxg6+ Kxg6
44.Nf3 Qc4 45.Ng5 Kh6 46.Rb8 Rxb8 47.Qxb8 Kh5 48.Nxe6 Ne3 49.Nxg7+ Kg4 50.Qb1 Qe2
51.Qg6+ Kf3 52.Nf5 Qe1+  0-1

[Event "XX Guillermo Garcia Mem Elite"]
[Site "Santa Clara CUB"]
[Date "2011.05.26"]
[Round "4.4"]
[White "Nogueiras Santiago,J"]
[Black "Miranda Mesa,E"]
[Result "1-0"]
[WhiteElo "2565"]
[BlackElo "2382"]

1.c4 c6 2.e4 d5 3.exd5 cxd5 4.d4 Nf6 5.Nc3 e6 6.a3 Be7 7.Nf3 O-O 8.c5 b6
9.b4 Ne4 10.Qc2 Nxc3 11.Qxc3 Bf6 12.c6 Na6 13.Bd3 Nc7 14.Bf4 a6 15.a4 Be7
16.O-O Bd6 17.Bg3 Re8 18.b5 a5 19.Ne5 Qe7 20.Qc2 h6 21.Bh7+ Kf8 22.f4 Rd8
23.Bg6 f6 24.Nf7  1-0

[Event "XXX Zalakaros Open"]
[Site "Zalakaros HUN"]
[Date "2011.05.26"]
[Round "7"]
[White "Bokros,A"]
[Black "Horvath,Ad1"]
[Result "1/2-1/2"]
[WhiteElo "2483"]
[BlackElo "2502"]

1.c4 c6 2.d4 d5 3.cxd5 cxd5 4.Nc3 Nc6 5.Nf3 Nf6 6.Bf4 Bf5 7.e3 e6 8.Bd3 Bxd3
9.Qxd3 Bd6 10.Bxd6 Qxd6 11.O-O O-O 12.Rac1  1/2-1/2